"I never was a coward" (Record no. 52122)
[ view plain ]
| 000 -LEADER | |
|---|---|
| fixed length control field | 01814nam a2200397Ia 4500 |
| 082 04 - DEWEY DECIMAL CLASSIFICATION NUMBER | |
| Classification number | 973.7/446 |
| 100 1# - MAIN ENTRY--AUTHOR NAME | |
| Personal name | Gordon, Lesley J. |
| 245 10 - TITLE STATEMENT | |
| Title | "I never was a coward" |
| 260 ## - PUBLICATION, DISTRIBUTION, ETC. (IMPRINT) | |
| Place of publication | Milwaukee, Wis. : |
| Name of publisher | Marquette University Press, |
| Year of publication | 2005. |
| 300 ## - PHYSICAL DESCRIPTION | |
| Number of Pages | 43 p. |
| 490 1# - SERIES STATEMENT | |
| Series statement | Frank L. Klement lectures ; |
| 650 #0 - SUBJECT ADDED ENTRY--TOPICAL TERM | |
| Topical Term | Combat |
| Topical Term | Courage |
| Topical Term | Cowardice |
| Topical Term | Soldiers |
| 856 40 - ELECTRONIC LOCATION AND ACCESS | |
| Uniform Resource Identifier | http://site.ebrary.com/lib/rucke/Doc?id=10089716 |
No items available.
